| 000 | 00437nam a22001697a 4500 | ||
|---|---|---|---|
| 003 | NUST - PNEC | ||
| 005 | 20170116180911.0 | ||
| 008 | 150903b xxu||||| |||| 00| 0 eng d | ||
| 020 | _a0824777263 | ||
| 040 | _cLIBRARY | ||
| 082 | _a620.116 WER | ||
| 100 |
_96976 _aWeroński, Andrzej |
||
| 245 |
_aThermal fatigue of metals _cAndrzej Weroński |
||
| 260 | _cc1991. | ||
| 650 |
_96977 _aMetals--Thermal fatigue _xME |
||
| 942 |
_2ddc _cBK |
||
| 999 |
_c65247 _d65247 |
||